00640 2200205 4500001002100000005001500021035002000036007000300056008004100059020002200100082001200122084001800134100002600152245011800178250001200296260004500308700002600353700002500379520003000404INLIS00000000134601620240911030225 a0010-0924000376ta240911 a 1 ind  a978-602-038-611-9 a028.534 a028.534 WAT a0 aWatiek Ideo (penulis)1 aAku Anak Yang Berani :bbisa melindungi diri sendiri 3 /cpenulis, Watiek Ideo, Nindia Maya; ilustrator, Yustina aEdisi 3 aJakarta :bGramedia Pustaka Utama,c20180 aNindia Maya (penulis) aYustina (ilustrator) aYang diterima: jilid 3, 4